Gaceta de la Comisión de Derechos Humanos del Distrito Federal : órgano de difusión mensual de la CDHDF : número 9, año IV, septiembre de 1997 /

Збережено в:
Бібліографічні деталі
Співавтор: Comisión de Derechos Humanos del Distrito Federal (México)
Інші автори: Jaimes Arellano, Rocío (dirección) (dirección)
Формат: Книга
Мова:Іспанська
Опубліковано: México : Comisión de Derechos Humanos del Distrito Federal, 1994
Предмети:
Теги: Додати тег
Немає тегів, Будьте першим, хто поставить тег для цього запису!

MARC

LEADER 00000nam^a2200000^a^4500
001 000630297
005 20260410000000.0
009 20260410195519.167
022 |a 0188-9346 
037 |a Acervo ITESO - Biblioteca 
041 |a ESP 
082 |a 323. 05  |b CDHDF GAC V. 9 
110 |a Comisión de Derechos Humanos del Distrito Federal (México) 
240 1 1 |a [Gaceta de la Comisión de Derechos Humanos del Distrito Federal] 
245 1 0 |a Gaceta de la Comisión de Derechos Humanos del Distrito Federal :  |b órgano de difusión mensual de la CDHDF : número 9, año IV, septiembre de 1997 /  |c CDHDF ; dir. de R. Jaimes Arellano. 
264 1 |a México :  |b Comisión de Derechos Humanos del Distrito Federal,  |c 1994 
300 |a 95 p. 
336 |a texto  |b txt  |2 rdacontenido 
337 |a sin mediación  |b n  |2 rdamedio 
338 |a volumen  |b nc  |2 rdasoporte 
567 |a Catalogación rápida 
649 |a XX 
650 |a Comisión de Derechos Humanos del Distrito Federal -  |z México -  |x Publicaciones Periódicas -  |x Tema Principal 
650 |a Derechos Humanos -  |z México (D.F.) -  |x Leyes y Reglamentos 
650 |a Derechos Humanos -  |z México (D.F.) -  |x Publicaciones Periódicas Mexicanas -  |x Tema Principal 
650 |a Derechos Humanos -  |z México (D.F.) -  |x Historia -  |y 1994-2000 
650 |a Derechos Humanos -  |z México (D.F.) -  |x Historia -  |y Siglo XX 
650 |a Derecho Constitucional -  |z México (D.F.) -  |x Historia -  |y 1994-2000 
650 |a Derecho Constitucional -  |z México (D.F.) -  |x Historia -  |y Siglo XX 
650 |a Política -  |z México (D.F.) -  |x Historia -  |y 1994-2000 
650 |a Política -  |z México (D.F.) -  |x Historia -  |y Siglo XX 
650 |a Publicaciones Periódicas Mexicanas 
650 |a Publicaciones Periódicas 
700 |a Jaimes Arellano, Rocío  |e (dirección) 
910 |a Fondo Castillo-Martínez 
920 |a Impresos - Libros 
930 |a Fondos Especiales 
905 |a 127 
901 |a 630297-10  |b IT2  |c ESP  |i D129032  |u 20260410 
902 |a https://opac.biblio.iteso.mx/vufind/Record/000630297